|
|
|
|
| LEADER |
00000naa2a2200000 4500 |
| 001 |
462894 |
| 005 |
20231101085830.0 |
| 035 |
|
|
|a (RuTPU)RU\TPU\prd\126986
|
| 090 |
|
|
|a 462894
|
| 100 |
|
|
|a 20111205a1990 k y0rusy50 ca
|
| 101 |
0 |
|
|a rus
|
| 102 |
|
|
|a RU
|
| 200 |
1 |
|
|a Влияние горячей экструзии на структурное состояние твердого сплава TiC-NiTi
|f А. В. Новиков, С. Н. Кульков, В. Е. Панин
|
| 320 |
|
|
|a Библиогр.: 7 назв.
|
| 330 |
|
|
|a Исследовано структурное состояние твердого сплава TiC= =30 масс.% NiTi после высокотемпературного экструдирования. Обнаружено значительное измельчение пор, перераспределение их по объему и повышение компактности сплава; установлено неоднозначное совместное влияние температуры и давления на размеры зерен TiC и фазовый состав. При деформации в интервале температур 1300-1380 К в сплаве образуется новая фаза типа Ti11Ni14
|
| 461 |
|
1 |
|0 (RuTPU)RU\TPU\prd\297
|x 0032-4795
|t Порошковая металлургия
|o международный научно-технический журнал
|f Национальная академия наук Украины (НАНУ), Институт проблем материаловедения им И. Н. Францевича (ИПМ)
|d 1969-
|
| 463 |
|
1 |
|0 (RuTPU)RU\TPU\prd\108198
|t № 6
|v С. 88-92
|d 1990
|
| 610 |
1 |
|
|a труды учёных ТПУ
|
| 700 |
|
1 |
|a Новиков
|b А. В.
|
| 701 |
|
1 |
|a Кульков
|b С. Н.
|c специалист в области материаловедения
|c профессор Томского политехнического университета, доктор физико-математических наук
|f 1952-
|g Сергей Николаевич
|2 stltpush
|3 (RuTPU)RU\TPU\pers\28994
|
| 701 |
|
1 |
|a Панин
|b В. Е.
|c специалист в области физики и механики деформируемого твердого тела, физического материаловедения
|c доктор физико-математических наук, профессор Томского политехнического университета
|c зав. кафедрой материаловедения в машиностроении
|c директор Российского материаловедческого центра
|c научный руководитель института физики прочности и материаловедения СО РАН
|f 1930-
|g Виктор Евгеньевич
|2 stltpush
|3 (RuTPU)RU\TPU\pers\12102
|
| 801 |
|
1 |
|a RU
|b 63413507
|c 20111205
|
| 801 |
|
2 |
|a RU
|b 63413507
|c 20160526
|g RCR
|
| 942 |
|
|
|c BK
|